000 00857nam a22002657a 4500
003 OSt
005 20260601193858.0
008 260421b2006 ag |||| |||| 00| 0 spa d
020 _a9871283350
020 _a8493543217
040 _aICI
_bspa
_cICI
050 _aQH 303
_bW5518.2006
100 _aWilson, Edward Osborne
_d1929-
_eautor
_933288
245 _aLa creación :
_bsalvemos la vida en la tierra /
_cEdward O. Wilson ; traducido por Elena Marengo.
260 _aBuenos Aires :
_bKatz,
_c2006.
300 _a252 paginas
_bilustraciones
_c18 cm.
336 _2rdacontent
_atexto
337 _2rdamedia
_asin medio
338 _2rdacarrier
_avolumen
500 _aTraducción de: The creation. an appeal to save life on Earth.
650 _aBiología
_916708
650 _aCreación
_933289
700 _aMarengo, Elena C
_933290
942 _2lcc
_cB
999 _c22107
_d22107